000 00897cam a2200145 4500500
005 20250921011839.0
041 _afre
042 _adc
100 1 0 _aJoel, Marie-Eve
_eauthor
700 1 0 _a Wittwer, Jérôme
_eauthor
245 0 0 _aEconomie du vieillissement : Tome 2
260 _bL'Harmattan,
_c2005.
520 _aCe second tome rassemble les communications traitant des retraites, de la protection sociale et de l'impact du vieillissement sur cette dernière. Trois thèmes successifs sont développés à propos des retraites : l'efficacité et les résultats des différentes réformes ou projets de réformes (en France, en Tunisie, au Portugal et en Suède), les transformations des comportements d'épargne des retraités et les inégalités entre retraités.
856 4 1 _uhttps://shs.cairn.info/Economie-du-vieillissement--9782747591621?lang=fr&redirect-ssocas=7080
999 _c1509394
_d1509394